000 00598cam a2200229 a 4500
001 1476994
005 20171221091900.0
008 870325s1988 ilu b 001 0 eng
010 _a 87009934
020 _a039805357X
040 _aDLC
_cDLC
_dDLC
041 _aeng
043 _an-us---
080 _a378.125 GUS
082 0 0 _a378.125 GUS
_219
100 1 _a46
101 _aEDU
245 1 0 _aImproving student learning in college classrooms /
_cby Thomas R. Guskey.
504 _aBibliography: p. 137-148.
906 _a7
_bcbc
_corignew
_d1
_eocip
_f19
_gy-gencatlg
942 _2ddc
_cBK
999 _c39296
_d39296